000 00449pab a2200169 454500
008 180718b1995 xxu||||| |||| 00| 0 eng d
100 _aGuhan, S.
245 _aSocial expenditures in the union budget
_b1991-96.
260 _c1995
300 _ap.1095-1101
362 _a6-13 May
650 _aIndia - Economic policy
650 _aBudget - India
650 _aUnion budget - India
773 _aEconomic and Political Weekly
909 _a28539
999 _c28539
_d28539